[Event "TUR-chT 2nd League"]
[Site "Konya"]
[Date "2022.08.25"]
[Round "5.13"]
[White "Bircan, Selim"]
[Black "Koc, Serkan"]
[Result "1-0"]
[WhiteElo "1838"]
[BlackElo "1567"]
[PlyCount "61"]
[EventDate "2022.08.22"]
[EventType "team-swiss"]
[EventRounds "9"]
[EventCountry "TUR"]
[SourceTitle "CBM 210 Extra"]
[Source "ChessBase"]
[SourceDate "2022.11.30"]
[SourceVersion "1"]
[SourceVersionDate "2022.11.30"]
[SourceQuality "1"]
[WhiteTeam "Konya Erkin"]
[BlackTeam "Samsun Gercek"]
[WhiteTeamCountry "TUR"]
[BlackTeamCountry "TUR"]

1. d4 f5 2. Bg5 Nf6 3. Bxf6 exf6 4. e3 d5 5. Bd3 Be6 6. h4 Bd6 7. Nh3 Nd7 8. Qf3 g6 9. Nc3 c6 10. 0-0-0 Qa5 11. Kb1 0-0-0 12. h5 b5 13. g3 Nb6 14. Nf4 Bf7 15. hxg6 hxg6 16. Rxh8 Rxh8 17. Rh1 Re8 18. Rh7 Re7 19. Rh6 Ba3 20. Nd1 Nc4 21. Bxc4 bxc4 22. Nxg6 Rb7 23. Qxf5+ Kc7 24. Qf4+ Kb6 25. Qxf6 Qd2 26. Rh1 Ka5 27. Ne5 Bxb2 28. Nxb2 Be8 29. Qd8+ Rb6 30. Nexc4+ dxc4 31. Qxb6+ 1-0

[Event "TUR-ch"]
[Site "Antalya"]
[Date "2013.02.09"]
[Round "11"]
[White "Bircan, Selim"]
[Black "Sehitogullari, Halil"]
[Result "1-0"]
[WhiteElo "1975"]
[BlackElo "1751"]
[PlyCount "105"]
[EventDate "2013.02.02"]
[EventType "swiss"]
[EventRounds "11"]
[EventCountry "TUR"]
[SourceTitle "CBM 152 Extra"]
[Source "ChessBase"]
[SourceDate "2013.02.25"]
[SourceVersion "1"]
[SourceVersionDate "2013.02.25"]
[SourceQuality "1"]

1. e4 e6 2. d4 d5 3. Nd2 Nc6 4. Ngf3 Nf6 5. e5 Nd7 6. c3 f6 7. exf6 Nxf6 8. Bd3 Bd6 9. 0-0 0-0 10. Re1 Qe8 11. Nf1 Bd7 12. Ng3 Bxg3 13. hxg3 Qh5 14. Bf4 Rac8 15. Ne5 Qe8 16. Qe2 Nxe5 17. Bxe5 Qf7 18. Rf1 a6 19. Rae1 Qh5 20. f3 Qh6 21. Bf4 g5 22. Be5 Be8 23. g4 Bg6 24. Bxg6 Qxg6 25. Qd2 h5 26. Bxf6 Rxf6 27. Re5 Kf8 28. gxh5 Qxh5 29. Qxg5 Qxg5 30. Rxg5 Kf7 31. Rh5 Kg7 32. g4 Rcf8 33. Kg2 Kg6 34. Rh3 Rf4 35. Re1 R8f6 36. Re5 c6 37. Reh5 Rf7 38. Rh6+ Kg7 39. Rxe6 Kf8 40. Re3 R4f6 41. Rh8+ Kg7 42. Ree8 Rf4 43. Reg8+ Kf6 44. Rf8 Ke7 45. Rxf7+ Rxf7 46. Rh1 Kf6 47. Re1 Kg6 48. Re6+ Kg7 49. Kg3 Rc7 50. f4 Kf7 51. Re5 Kg7 52. g5 Kf7 53. f5 1-0

[Event "TUR-ch"]
[Site "Antalya"]
[Date "2013.02.07"]
[Round "9"]
[White "Bircan, Selim"]
[Black "Babek, Aram"]
[Result "0-1"]
[WhiteElo "1975"]
[BlackElo "1817"]
[PlyCount "120"]
[EventDate "2013.02.02"]
[EventType "swiss"]
[EventRounds "11"]
[EventCountry "TUR"]
[SourceTitle "CBM 152 Extra"]
[Source "ChessBase"]
[SourceDate "2013.02.25"]
[SourceVersion "1"]
[SourceVersionDate "2013.02.25"]
[SourceQuality "1"]

1. e4 e6 2. d4 d5 3. exd5 exd5 4. Bd3 c5 5. Nf3 c4 6. Be2 Bd6 7. 0-0 Nc6 8. b3 cxb3 9. axb3 Nge7 10. c4 0-0 11. Nc3 Bb4 12. Bb2 Bg4 13. Ng5 Bxe2 14. Nxe2 Ng6 15. Bc1 Be7 16. Nf3 Bf6 17. Be3 Qd7 18. Qd3 Rfd8 19. Rfd1 Nge7 20. Bg5 Bxg5 21. Nxg5 Qf5 22. Qxf5 Nxf5 23. c5 Re8 24. Kf1 Re7 25. Nf3 h5 26. Nf4 Re4 27. Ne2 Rd8 28. Rd3 a6 29. Rd2 f6 30. Rb1 g5 31. Rd3 Kf7 32. b4 Rde8 33. Nc3 g4 34. Nd2 Rxd4 35. Rxd4 Nfxd4 36. Nxd5 Nb5 37. Nc4 Re4 38. Nce3 Rd4 39. g3 Ne5 40. Nf4 h4 41. Nf5 Nf3 42. Nxd4 Nd2+ 43. Ke1 Nxb1 44. Nxb5 axb5 45. gxh4 Nc3 46. Kd2 Na2 47. Nd3 Kg6 48. Kc2 Kh5 49. Kb3 Kxh4 50. Kxa2 Kh3 51. Kb2 Kxh2 52. Kc3 Kg2 53. Kd4 Kf3 54. c6 bxc6 55. Kc5 Ke2 56. Nf4+ Kxf2 57. Kxc6 Kf3 58. Nh5 f5 59. Kxb5 f4 60. Kc6 g3 0-1

[Event "TUR-ch"]
[Site "Antalya"]
[Date "2013.02.02"]
[Round "1"]
[White "Bircan, Selim"]
[Black "Bakan, Erkan"]
[Result "1-0"]
[WhiteElo "1975"]
[BlackElo "1597"]
[PlyCount "85"]
[EventDate "2013.02.02"]
[EventType "swiss"]
[EventRounds "11"]
[EventCountry "TUR"]
[SourceTitle "CBM 152 Extra"]
[Source "ChessBase"]
[SourceDate "2013.02.25"]
[SourceVersion "1"]
[SourceVersionDate "2013.02.25"]
[SourceQuality "1"]

1. e4 c5 2. Nf3 Nc6 3. d4 cxd4 4. Nxd4 Nf6 5. Nc3 e5 6. Ndb5 d6 7. Bg5 a6 8. Na3 b5 9. Nd5 Be7 10. Bxf6 Bxf6 11. c3 0-0 12. Nc2 Bg5 13. a4 Rb8 14. axb5 axb5 15. Bd3 Ne7 16. Nxe7+ Qxe7 17. Nb4 Qb7 18. 0-0 Be6 19. Qe2 Bd7 20. Ra6 Be7 21. Qe3 f5 22. exf5 Bxf5 23. Bxf5 Rxf5 24. Ra7 Qc8 25. Rxe7 Qf8 26. Qa7 Rd8 27. Rd7 Ra8 28. Rxg7+ Kh8 29. Rxh7+ Kg8 30. Qe7 e4 31. Qh4 Qf6 32. Qxf6 Rxf6 33. Re7 Rf4 34. Nd5 Rf5 35. Ne3 Rf4 36. g3 Rf6 37. Rxe4 Ra2 38. Rb4 Ra5 39. Rd1 Ra7 40. Rxb5 Raf7 41. Ng4 Rg6 42. Rd4 Ra7 43. Rb6 1-0